000 00254as aa2200097a 44500
090 _aSERIADAS
_b00972
245 1 0 _aSerie Documental
260 _bCorporación Nacional de Investigación y Fomento Forestal
_aColombia
041 0 _aEspañol
942 _cREVISTA
999 _c17119
_d17119